000 00531nam a2200193Ia 4500
005 20250508150409.0
008 008 250505s9999 xx 000 0 eng d
037 _aTextual
040 _aFEDL
_beng
_cFEDL
041 _aeng
_2eng
084 _a025, LYL
_qFEDL
100 _aLyle Guy R
245 0 _aAdministration of the college library
260 _aNew York, USA
_bThe H. W. Wilson Company
_c1945
300 _axvi,601p.
650 _aLibrary Science
942 _cTEXL
_h025, LYL
999 _c1323415
_d1323415